[Event "AUTO-ADV-4504"]
[Site "http://www.queenalice.com/game.php?id=1760807"]
[Date "2021.5.29"]
[Round "1"]
[White "Castling"]
[Black "carvalhofra9"]
[Result "1/2-1/2"]
[WhiteElo "1623"]
[BlackElo "1939"]

1. e4 e5 2. Bc4 c6 3. Nf3 d5 4. exd5 e4 5. Qe2 Nf6 6. d3 cxd5 7. Bb5+ Bd7 8.
Bxd7+ Qxd7 9. Bg5 Nh5 10. Ne5 Qf5 11. Qxh5 Qxe5 12. O-O Be7 13. f4 Bc5+ 14. Kh1
Qxb2 15. Nd2 b6 16. dxe4 dxe4 17. Nxe4 Nd7 18. Rae1 O-O 19. Nxc5 bxc5 20. Rb1
Qxc2 21. Be7 Rab8 22. Rxb8 Rxb8 23. Qd1 Rb2 24. Qxc2 Rxc2 25. Rb1 Rxa2 26. Bxc5
h5 27. Be7 a5 28. h3 f6 29. Rd1 Nb6 30. Rd8+ Kf7 31. Bc5 Nc4 32. Rd4 Nd2 33. Bb6
Ra1+ 34. Kh2 h4 35. Rxd2 a4 36. Rd7+ Kg6 37. g4 a3 38. f5+ Kh7 39. Ra7 a2 40.
Bg1 Kh6 41. Bd4 Re1 42. Rxa2 Kg5 43. Ra7 Kf4 44. Rxg7 Kf3 45. g5 Re2+ 46. Kg1
Re1+ 47. Kh2 Re2+ 48. Kg1 Re1+ 49. Kh2 Re2+ 1/2-1/2

[Event "AUTO-ADV-4504"]
[Site "http://www.queenalice.com/game.php?id=1760808"]
[Date "2021.5.29"]
[Round "1"]
[White "carvalhofra9"]
[Black "Castling"]
[Result "1-0"]
[WhiteElo "2022"]
[BlackElo "1676"]

1. e4 e5 2. Nf3 d6 3. Nc3 a6 4. Bc4 h6 5. d4 Nf6 6. O-O Bg4 7. dxe5 Bxf3 8. Qxf3
dxe5 9. Be3 Nbd7 10. Rad1 Bd6 11. Ne2 Qe7 12. Ng3 O-O-O 13. Rd3 Nc5 14. Rxd6
cxd6 15. b4 Ne6 16. c3 b5 17. Bb3 Kd7 18. Nf5 Qf8 19. Rd1 Ke8 20. Qg3 Nxe4 21.
Qf3 Nxc3 22. Qc6+ Rd7 23. Nxd6+ Ke7 24. Nf5+ Kf6 25. Rxd7 Ne2+ 26. Kf1 Nf4 27.
Nd6 g5 28. Rxf7+ 1-0

[Event "AUTO-ADV-4504"]
[Site "http://www.queenalice.com/game.php?id=1760820"]
[Date "2021.5.29"]
[Round "1"]
[White "carvalhofra9"]
[Black "askasl159"]
[Result "0-1"]
[WhiteElo "1995"]
[BlackElo "1648"]

1. e4 e5 2. Nf3 Nc6 3. Bb5 Nge7 4. c4 a6 5. Bxc6 Nxc6 6. a3 Bc5 7. b4 Bd4 8. Ra2
h6 9. Bb2 O-O 10. Bxd4 Nxd4 11. Nxd4 exd4 12. d3 Qe7 13. O-O c5 14. bxc5 Qxc5
15. Nd2 f5 16. Qh5 d6 17. Qh4 fxe4 18. Qxe4 d5 19. cxd5 Bf5 20. Qe2 Rae8 21. Ne4
Qxd5 22. f3 Rc8 23. Rb1 b5 24. g4 Bxe4 25. fxe4 Qe6 26. Qd1 Rc3 27. Rg2 Rxa3 28.
Rc2 Rc3 29. Rg2 Qe5 30. Rg3 a5 31. h4 Qxg3+ 32. Kh1 Rf2 33. Qg1 Qxh4+ 0-1

[Event "AUTO-ADV-4504"]
[Site "http://www.queenalice.com/game.php?id=1760825"]
[Date "2021.5.29"]
[Round "1"]
[White "chessman"]
[Black "carvalhofra9"]
[Result "0-1"]
[WhiteElo "1935"]
[BlackElo "1969"]

1. e4 e5 2. Nf3 Nc6 3. d3 d5 4. exd5 Qxd5 5. Nc3 Qa5 6. Be2 Bd7 7. O-O O-O-O 8.
a3 e4 9. Nxe4 Nf6 10. b4 Qh5 11. Bb2 Nxe4 12. dxe4 Bg4 13. Qc1 Bd6 14. h3 Bxf3
15. Bxf3 Qh4 16. c4 Ne5 17. Qc3 Ng6 18. Qb3 Nf4 19. Bg4+ f5 20. Bxf5+ Kb8 21.
Qf3 g6 22. Bxh8 gxf5 23. e5 Rg8 24. exd6 Nxh3+ 25. Qxh3 Qxh3 0-1

[Event "AUTO-ADV-4504"]
[Site "http://www.queenalice.com/game.php?id=1760826"]
[Date "2021.5.29"]
[Round "1"]
[White "carvalhofra9"]
[Black "chessman"]
[Result "0-1"]
[WhiteElo "2023"]
[BlackElo "2053"]

1. e4 e6 2. e5 d5 3. d4 c5 4. c3 cxd4 5. Qa4+ Nc6 6. Nf3 dxc3 7. Ng5 cxb2 8.
Bxb2 Qxg5 9. Bc3 Bd7 10. Nd2 Nxe5 11. Bb5 Nc6 12. O-O Qd8 13. Qc2 Nf6 14. f3 Be7
15. f4 Qb6+ 16. Kh1 Qxb5 17. Rab1 Qa6 18. Rf3 Rc8 19. Qd1 d4 20. Ba1 b6 21. Rg3
Qxa2 22. Rb5 g6 23. Rb2 Qd5 24. Qf1 Na5 25. Rg5 Qc6 26. Rbb5 Qc1 27. Rb1 Qxd2
28. Rd1 Qc2 29. Bxd4 h6 30. Re5 Nc6 31. Re2 Qc4 32. Bxf6 Bxf6 33. Rxd7 Kxd7 34.
Rd2+ Qd5 35. Rxd5+ exd5 36. g4 Be7 37. Qb5 Kd6 38. Kg2 Bf6 39. Qa6 Rhe8 40. Qa3+
Kd7 41. Qh3 Kc7 42. Qg3 Re2+ 43. Kf1 Rce8 44. f5+ Kb7 45. h4 Re1+ 46. Qxe1 Rxe1+
47. Kxe1 Bxh4+ 48. Ke2 gxf5 49. gxf5 Ne7 50. f6 Bxf6 51. Kd1 Kc6 52. Kc2 Kc5 53.
Kd2 Kd4 54. Ke2 a5 55. Kd2 h5 56. Kc2 Bg5 57. Kb3 b5 58. Ka3 Kc3 59. Ka2 Kc2 60.
Ka3 h4 61. Ka2 b4 62. Ka1 Ng6 63. Ka2 Nf4 64. Ka1 Nd3 0-1

[Event "AUTO-OPEN-4287"]
[Site "http://www.queenalice.com/game.php?id=1762873"]
[Date "2021.6.24"]
[Round "1"]
[White "carvalhofra9"]
[Black "cavaleiro_cambraia"]
[Result "0-1"]
[WhiteElo "1940"]
[BlackElo "2322"]

1. d4 Nf6 2. d5 e6 3. dxe6 fxe6 4. Nc3 Bb4 5. Qd3 O-O 6. Bg5 h6 7. Bxh6 gxh6 8.
Qg6+ Kh8 9. Qxh6+ Nh7 10. Qe3 Nc6 11. O-O-O d5 12. Qh3 e5 13. g4 Qg5+ 14. e3
Bxc3 15. bxc3 Bxg4 16. Qg2 Bxd1 17. Qxd5 Rad8 18. Qe4 Rxf2 19. Bd3 Qh6 20. h4
Nf6 21. Qa4 Qxe3+ 22. Kb2 Qxd3 23. Rh3 Rxc2+ 24. Qxc2 Qxc2+ 25. Ka3 Qc1# 0-1

[Event "AUTO-OPEN-4287"]
[Site "http://www.queenalice.com/game.php?id=1762874"]
[Date "2021.6.24"]
[Round "1"]
[White "cavaleiro_cambraia"]
[Black "carvalhofra9"]
[Result "1-0"]
[WhiteElo "2321"]
[BlackElo "1942"]

1. c4 e5 2. Nc3 Bc5 3. e3 Nf6 4. Nf3 c6 5. Nxe5 d6 6. Nf3 O-O 7. d4 Bb4 8. Bd3
d5 9. O-O Bd6 10. h3 Qc7 11. Re1 g5 12. cxd5 g4 13. e4 gxh3 14. e5 Ng4 15. gxh3
f5 16. exd6 Qg7 17. Re7 Qg6 18. hxg4 Nd7 19. Ng5 Nf6 20. dxc6 Kh8 21. cxb7 Rb8
22. bxc8=Q Rbxc8 23. Bxf5 Qh6 24. Nf7+ 1-0

[Event "AUTO-OPEN-4287"]
[Site "http://www.queenalice.com/game.php?id=1762875"]
[Date "2021.6.24"]
[Round "1"]
[White "carvalhofra9"]
[Black "Givanildo"]
[Result "1-0"]
[WhiteElo "1940"]
[BlackElo "1277"]

1. d4 d5 2. e4 dxe4 3. Nc3 Bf5 4. Nh3 h6 5. g4 Bg6 6. Be3 e6 7. d5 Bb4 8. Qd4 a5
9. Qxg7 Ne7 10. Qxh8+ Kd7 11. Qd4 1-0

[Event "AUTO-OPEN-4287"]
[Site "http://www.queenalice.com/game.php?id=1762876"]
[Date "2021.6.24"]
[Round "1"]
[White "Givanildo"]
[Black "carvalhofra9"]
[Result "0-1"]
[WhiteElo "1277"]
[BlackElo "1940"]

1. d4 Nf6 2. h3 c5 3. dxc5 b6 4. Be3 bxc5 5. c3 e5 6. Bg5 Qb6 7. Qd2 Ne4 8. Qe3
d5 9. Nd2 c4 10. Nxe4 dxe4 11. Qxe4 Nc6 12. e3 g6 13. Rb1 Bf5 0-1

[Event "AUTO-OPEN-4287"]
[Site "http://www.queenalice.com/game.php?id=1762877"]
[Date "2021.6.24"]
[Round "1"]
[White "carvalhofra9"]
[Black "Castling"]
[Result "1-0"]
[WhiteElo "1902"]
[BlackElo "1725"]

1. d4 g6 2. e4 Bg7 3. e5 d5 4. c4 e6 5. f4 Nc6 6. Nf3 Nge7 7. Bd3 h6 8. c5 Nf5
9. Bb5 Bd7 10. a3 a6 11. Bxc6 Bxc6 12. O-O Qd7 13. Nc3 O-O-O 14. Qe2 f6 15. g4
Ne7 16. exf6 Bxf6 17. Rd1 g5 18. fxg5 hxg5 19. Bxg5 Rdf8 20. Rd3 Bxg5 21. Nxg5
Rf6 22. Qe5 Rhh6 23. Rf1 Rxf1+ 24. Kxf1 Bb5 25. Nxb5 Qxb5 26. Ke2 Qxb2+ 27. Rd2
Qxa3 28. Qf4 e5 29. Qf8+ Kd7 30. Qxh6 exd4 31. Qe6+ Kd8 32. Nf7+ Ke8 33. Nd6+
cxd6 34. cxd6 Qe3+ 35. Qxe3 dxe3 36. Kxe3 Nc6 37. Re2 d4+ 38. Kd3+ Kd7 39. g5
Kxd6 40. Ke4 b5 41. g6 Ne7 42. g7 a5 43. Kxd4 b4 44. Rxe7 1-0

[Event "AUTO-OPEN-4287"]
[Site "http://www.queenalice.com/game.php?id=1762878"]
[Date "2021.6.24"]
[Round "1"]
[White "Castling"]
[Black "carvalhofra9"]
[Result "1-0"]
[WhiteElo "1694"]
[BlackElo "1923"]

1. e4 e5 2. Bc4 Bc5 3. Nf3 f5 4. d3 f4 5. Nc3 c6 6. Nxe5 d5 7. Bb3 Bxf2+ 8. Kf1
Qh4 9. Bxf4 Qxf4 10. Nf3 Bd4 11. g3 Qf6 12. Kg2 Qh6 13. Nxd4 Bh3+ 14. Kf2 Ne7
15. Re1 O-O+ 16. Kg1 Nd7 17. exd5 Nxd5 18. Bxd5+ cxd5 19. Nxd5 Nf6 20. Ne7+ Kh8
21. Nef5 Qg5 22. Qf3 Rae8 23. Rxe8 Nxe8 24. Ne6 Qf6 25. Nxf8 Qxf8 26. Qxb7 Qc5+
27. d4 Qxf5 28. Re1 Qf2+ 29. Kxf2 h5 30. Rxe8+ Kh7 31. Qe4+ Kh6 32. Rh8+ 1-0

[Event "AUTO-ADV-4524"]
[Site "http://www.queenalice.com/game.php?id=1765495"]
[Date "2021.7.27"]
[Round "1"]
[White "Castling"]
[Black "carvalhofra9"]
[Result "1-0"]
[WhiteElo "1625"]
[BlackElo "1916"]

1. e4 Nc6 2. Nf3 f5 3. e5 a6 4. a3 d5 5. d4 h6 6. Nc3 f4 7. Bxf4 g5 8. Be3 Be6
9. Bd3 Bf7 10. Qd2 e6 11. O-O-O g4 12. Ne1 Qd7 13. f4 gxf3 14. Nxf3 h5 15. h4
Nh6 16. Ng5 Nf5 17. Nxf7 Qxf7 18. Rhf1 O-O-O 19. Rf3 Nxe3 20. Rxf7 Bh6 21. Kb1
Ng4 22. Qe1 Nxd4 23. Bxa6 Rd7 24. Rxd7 Kxd7 25. Bb5+ c6 26. Rxd4 cxb5 27. Nxb5
Rc8 28. Nd6 Rc7 29. c4 Be3 30. Rxg4 Bh6 31. Rg6 Bf8 32. cxd5 Ke7 33. Rxe6+ Kd8
34. Re8+ Kd7 35. Rxf8 b6 36. Rf7+ Kd8 37. Rxc7 Kxc7 38. Nb5+ Kd7 39. Qe2 Ke7 40.
Qxh5 Kd8 41. Qf7 1-0

[Event "AUTO-ADV-4524"]
[Site "http://www.queenalice.com/game.php?id=1765496"]
[Date "2021.7.27"]
[Round "1"]
[White "carvalhofra9"]
[Black "Castling"]
[Result "1-0"]
[WhiteElo "1891"]
[BlackElo "1725"]

1. d4 d5 2. c4 e6 3. Nc3 Nf6 4. a3 Nc6 5. Bg5 h6 6. Bxf6 Qxf6 7. cxd5 Qxd4 8.
dxc6 Qxd1+ 9. Rxd1 b6 10. Nb5 Bd6 11. e4 O-O 12. Nxd6 cxd6 13. Rxd6 a5 14. Kd2
Ba6 15. Bxa6 Rxa6 16. Nf3 Rc8 17. c7 Rxc7 18. Rd8+ Kh7 19. g4 b5 20. Rc1 Rxc1
21. Kxc1 Rc6+ 22. Kd2 1-0

[Event "AUTO-ADV-4524"]
[Site "http://www.queenalice.com/game.php?id=1765511"]
[Date "2021.7.27"]
[Round "1"]
[White "Taura10"]
[Black "carvalhofra9"]
[Result "1-0"]
[WhiteElo "1931"]
[BlackElo "1860"]

1. d4 Nf6 2. c4 e6 3. Nc3 c5 4. d5 d6 5. e4 h6 6. Nf3 Be7 7. Be2 O-O 8. O-O e5
9. a3 Na6 10. Re1 Ne8 11. Bd2 Rb8 12. Na4 f5 13. exf5 e4 14. Ne5 dxe5 15. Bh5
Rxf5 16. Rxe4 Nf6 17. Rh4 Qf8 18. Be3 Bd6 19. Bg4 Nxg4 20. Rxg4 e4 21. Rxe4 b5
22. cxb5 Rxb5 23. Rb1 Bd7 24. Nc3 Rb7 25. g3 c4 26. Rxc4 Rf3 27. Kg2 Bg4 28.
Rxg4 Bc5 29. Qxf3 Rf7 30. Rf4 Bd6 31. Rxf7 Qxf7 32. Qxf7+ Kxf7 33. Bxa7 Kf6 34.
Ne4+ Ke5 35. Nxd6 Kxd6 36. b4 Kxd5 37. b5 1-0

[Event "AUTO-ADV-4524"]
[Site "http://www.queenalice.com/game.php?id=1765512"]
[Date "2021.7.27"]
[Round "1"]
[White "carvalhofra9"]
[Black "Taura10"]
[Result "0-1"]
[WhiteElo "1874"]
[BlackElo "1917"]

1. d4 d5 2. Nc3 c5 3. dxc5 e6 4. e4 Nf6 5. b4 Be7 6. exd5 Nxd5 7. Nxd5 exd5 8.
c4 d4 9. Bd3 O-O 10. Nf3 Bf6 11. O-O Nc6 12. a3 Bg4 13. h4 Bxh4 14. Re1 Bf6 15.
Bf4 g6 16. b5 Ne7 17. Bd6 Re8 18. Ra2 Nf5 19. Rxe8+ Qxe8 20. Re2 Qd7 21. Re4
Bxf3 22. Qxf3 Nxd6 23. cxd6 Qxd6 24. g3 Bg7 25. a4 Rb8 26. g4 Qf6 27. Qxf6 Bxf6
28. Kg2 Rd8 29. f4 Bg7 30. a5 Kf8 31. Kh3 Rd7 32. Re2 Re7 33. Kg3 Re3+ 34. Kf2
Rxd3 35. c5 Rc3 36. b6 a6 37. Re5 Bxe5 0-1

[Event "AUTO-ADV-4524"]
[Site "http://www.queenalice.com/game.php?id=1765521"]
[Date "2021.7.27"]
[Round "1"]
[White "pomar"]
[Black "carvalhofra9"]
[Result "0-1"]
[WhiteElo "1968"]
[BlackElo "1912"]

1. f3 e5 2. Kf2 f5 3. e3 b6 4. c4 Nh6 5. d4 e4 6. Nc3 c6 7. fxe4 d5 8. exd5 c5
9. Nf3 Ng4+ 10. Ke2 Bd6 11. h3 Nf6 12. dxc5 O-O 13. cxd6 Qxd6 14. Nb5 Qb4 15.
Kf2 Nbd7 16. a3 Ne4+ 17. Kg1 Qe7 18. Kh2 Re8 19. Bd3 Ne5 20. Rf1 a6 21. Nc3 Qd6
22. Kg1 Nf6 23. Nd4 g6 24. e4 g5 25. Nxf5 Bxf5 26. Bxg5 Neg4 27. exf5 Qh2# 0-1

[Event "AUTO-ADV-4524"]
[Site "http://www.queenalice.com/game.php?id=1765522"]
[Date "2021.7.27"]
[Round "1"]
[White "carvalhofra9"]
[Black "pomar"]
[Result "0-1"]
[WhiteElo "1932"]
[BlackElo "1951"]

1. d4 e6 2. c4 d5 3. Nc3 Bb4 4. Qa4+ Nc6 5. Bd2 dxc4 6. e4 Bd7 7. Bxc4 Nxd4 8.
Nb5 Bxd2+ 9. Kxd2 Qg5+ 10. Kc3 Nxb5+ 11. Bxb5 Bxb5 12. Qb4 c6 13. Nf3 Qxg2 14.
Ne5 Qxf2 15. Rhf1 Bxf1 16. Qxb7 Qe3+ 17. Kb4 Qb6+ 18. Qxb6 axb6 19. Rxf1 Nh6 20.
Nxc6 Rxa2 21. Rd1 O-O 22. Kb3 Ra6 23. Kb4 Ng4 24. Kb5 Ra2 25. b4 Nxh2 26. Kxb6
h5 27. b5 h4 28. Rd3 g5 29. Kc7 g4 30. Ne7+ Kh7 31. Rb3 g3 32. b6 g2 33. b7 g1=Q
34. Nc6 Qc5 35. Rh3 Ra6 36. Rxh4+ Kg6 37. Rxh2 Qxc6# 0-1

[Event "Buddy Guy"]
[Site "http://www.queenalice.com/game.php?id=1771161"]
[Date "2021.10.1"]
[Round "-"]
[White "carvalhofra9"]
[Black "bobifixer"]
[Result "0-1"]
[WhiteElo "1847"]
[BlackElo "2029"]

1. e4 c5 2. Nc3 Nc6 3. Bb5 a6 4. Bc4 e6 5. Nge2 b5 6. Bxe6 dxe6 7. f4 Nf6 8. Ng3
g6 9. e5 Nd5 10. Nce2 Bg7 11. c3 c4 12. Ne4 O-O 13. O-O Bb7 14. Rf3 Nce7 15. Nd6
Qb6+ 16. d4 Nc8 17. Ne4 Nce7 18. g4 b4 19. Qc2 a5 20. N2g3 bxc3 21. bxc3 Rfb8
22. Bb2 Bc6 23. Ba3 Rb7 24. Nd6 Rbb8 25. Rf2 Ne3 26. Qc1 Nxg4 27. Rb2 Qd8 28.
Re2 Nh6 29. Nge4 Bxe4 30. Nxe4 Nd5 31. Ng5 Rb7 32. Bd6 Nf5 33. Ba3 Rab8 34. Qe1
a4 35. h4 h6 36. Rh2 Nxf4 37. Ne4 Nd3 38. h5 Nxe1 39. Rxe1 Rb1 0-1